[Event "WA Open Blitz Championship"]
[Site "Chess.com"]
[Date "2020.05.25"]
[Round "?"]
[White "Lenderman, Aleksandr"]
[Black "Lugovskoy, Maxim"]
[Result "1-0"]
[WhiteElo "2717"]
[BlackElo "2453"]
[PlyCount "79"]
[EventDate "2020.??.??"]
[EventType "blitz"]

1. d4 e6 2. c4 d5 3. Nf3 Nf6 4. Nc3 Nbd7 5. cxd5 exd5 6. Bg5 c6 7. e3 Be7 8.
Bd3 O-O 9. Qc2 Re8 10. O-O Nf8 11. Rab1 Bd6 12. b4 Bg4 13. Nd2 Bh5 14. Bh4 Bg6
15. Bg3 Bxg3 16. hxg3 a6 17. Rfc1 Ng4 18. Nf3 Qf6 19. Ne2 Be4 20. Nf4 Qh6 21.
Bxe4 dxe4 22. Nd2 Qh2+ 23. Kf1 Ne6 24. Nh3 Nxd4 25. exd4 e3 26. Ne4 Qh1+ 27.
Ke2 Qxg2 28. Nf4 Qxe4 29. Qxe4 Rxe4 30. f3 Rxf4 31. gxf4 Nf6 32. Kxe3 Nd5+ 33.
Kd2 Nxf4 34. a4 Rd8 35. b5 Rxd4+ 36. Ke3 Rxa4 37. bxc6 Nd5+ 38. Kf2 b5 39. Rd1
Ra2+ 40. Kg3 1-0

[Event "WA Open Blitz Championship"]
[Site "Chess.com"]
[Date "2020.05.25"]
[Round "?"]
[White "Lenderman, Aleksandr"]
[Black "Raptis, Nick"]
[Result "0-1"]
[WhiteElo "2717"]
[BlackElo "2393"]
[PlyCount "86"]
[EventDate "2020.??.??"]
[EventType "blitz"]

1. d4 Nf6 2. c4 g6 3. Nc3 Bg7 4. e4 d6 5. Nf3 O-O 6. Be2 e5 7. O-O Nc6 8. Be3
exd4 9. Nxd4 Re8 10. f3 Bd7 11. Qd2 Nxd4 12. Bxd4 Bc6 13. Rfd1 Qe7 14. b4 a6
15. Qb2 b6 16. Rac1 a5 17. a3 axb4 18. axb4 Nh5 19. Bxg7 Nxg7 20. Nd5 Bxd5 21.
cxd5 Ra7 22. Qd4 Ra2 23. Bc4 Ra3 24. Rc2 Nh5 25. Rdc1 Rea8 26. Bf1 R8a7 27. Rc6
Nf6 28. R6c2 Ra2 29. Rxa2 Rxa2 30. Qc3 Ra7 31. Bb5 Nh5 32. g3 Qg5 33. Kf2 Ra2+
34. Be2 Nf4 35. gxf4 Qh4+ 36. Ke3 Qxh2 37. Rc2 Qg1+ 38. Kd3 Ra1 39. b5 h5 40.
f5 gxf5 41. exf5 h4 42. Qxc7 Ra3+ 43. Ke4 Qe3# 0-1

[Event "WA Open Blitz Championship"]
[Site "Chess.com"]
[Date "2020.05.25"]
[Round "?"]
[White "Raptis, Nick"]
[Black "Lugovskoy, Maxim"]
[Result "1-0"]
[WhiteElo "2393"]
[BlackElo "2453"]
[PlyCount "75"]
[EventDate "2020.??.??"]
[EventType "blitz"]

1. d4 e6 2. Nf3 d5 3. g3 Nf6 4. Bg2 b5 5. O-O c5 6. a4 b4 7. c4 bxc3 8. bxc3
Ba6 9. Na3 Nbd7 10. Nb5 Qa5 11. Bd2 Ne4 12. Rb1 Be7 13. Be1 c4 14. Qc2 O-O 15.
Nd2 f5 16. Nxe4 fxe4 17. Bd2 Rab8 18. Bh3 Qb6 19. Bf4 e5 20. dxe5 Nc5 21. e6
Rxf4 22. gxf4 Qd6 23. e3 Bxb5 24. Rxb5 Rf8 25. Kh1 Nxe6 26. Rb7 Nc5 27. Rxa7
Nd3 28. Rg1 g6 29. Rb1 Bh4 30. Rbb7 Bf6 31. a5 Qa3 32. a6 Qa1+ 33. Rb1 Qa3 34.
Be6+ Kh8 35. Rbb7 Qa1+ 36. Kg2 Ne1+ 37. Kh3 Nxc2 38. Rxh7# 1-0

[Event "WA Open Blitz Championship"]
[Site "Chess.com"]
[Date "2020.05.25"]
[Round "?"]
[White "Sohal, Tanraj"]
[Black "Raptis, Nick"]
[Result "1/2-1/2"]
[WhiteElo "2326"]
[BlackElo "2393"]
[PlyCount "78"]
[EventDate "2020.??.??"]
[EventType "blitz"]

1. d4 g6 2. Nf3 Bg7 3. c4 c5 4. d5 Nf6 5. Nc3 d6 6. e4 O-O 7. Bd3 e6 8. O-O
exd5 9. exd5 Bg4 10. h3 Bxf3 11. Qxf3 Nfd7 12. Bf4 Ne5 13. Qd1 Nbd7 14. Qd2
Nxd3 15. Qxd3 Ne5 16. Qe2 Re8 17. b3 Qf6 18. Bd2 a6 19. Rfe1 Qd8 20. f4 Nd7 21.
Qxe8+ Qxe8 22. Rxe8+ Rxe8 23. Re1 Rxe1+ 24. Bxe1 f5 25. Kf1 Kf7 26. Ke2 Bxc3
27. Bxc3 Nf6 28. Bxf6 Kxf6 29. a4 a5 30. Kf3 h6 31. g3 g5 32. fxg5+ Kxg5 33.
h4+ Kg6 34. Kf4 h5 35. Kf3 Kf6 36. Ke3 Ke5 37. Kf3 Kf6 38. Kf4 Kg6 39. Kf3 Kf6
1/2-1/2

[Event "WA Open Blitz Championship"]
[Site "Chess.com"]
[Date "2020.05.25"]
[Round "?"]
[White "Sohal, Tanraj"]
[Black "Lenderman, Aleksandr"]
[Result "0-1"]
[WhiteElo "2326"]
[BlackElo "2717"]
[PlyCount "138"]
[EventDate "2020.??.??"]
[EventType "blitz"]

1. d4 e6 2. c4 b6 3. Nf3 Bb7 4. e3 f5 5. Nc3 Nf6 6. Bd3 Bb4 7. Bd2 O-O 8. a3
Bxc3 9. Bxc3 Ne4 10. Qc2 d6 11. O-O Nd7 12. Nd2 Qh4 13. f3 Nxc3 14. Qxc3 Rf6
15. g3 Qh6 16. Rae1 Raf8 17. Bc2 c5 18. b4 R6f7 19. dxc5 dxc5 20. Nb3 Rc8 21.
b5 Qf6 22. Qxf6 Rxf6 23. f4 Rd8 24. e4 fxe4 25. Bxe4 Bxe4 26. Rxe4 Nf8 27. Rfe1
Rf7 28. Na1 Rd3 29. R4e3 Rfd7 30. Nc2 Rd2 31. R1e2 Rxe2 32. Rxe2 Rd3 33. Kf2
Kf7 34. Re3 Rd2+ 35. Re2 Rd1 36. Re1 Rd8 37. Ke2 Ra8 38. Rd1 Ke7 39. Ne3 Nd7
40. Ng4 a6 41. a4 axb5 42. axb5 Ra4 43. Kd3 h5 44. Ne3 Ra3+ 45. Ke2 Nf6 46. Rd3
Ra4 47. h3 Ne4 48. Kf3 Nd6 49. Rc3 Ra2 50. g4 h4 51. Ng2 Ra4 52. Ne3 Ra1 53.
Rc2 Rg1 54. Ng2 Rh1 55. Ne3 Rxh3+ 56. Ke2 Rh2+ 57. Kd3 Rxc2 58. Kxc2 Kf6 59.
Kd3 g5 60. fxg5+ Kxg5 61. Ke2 Kf4 62. Kf2 Ne4+ 63. Ke2 h3 64. Nf1 Kxg4 65. Ke3
Nd6 66. Nh2+ Kg3 67. Nf1+ Kg2 68. Ke2 Nxc4 69. Ne3+ Nxe3 0-1

[Event "WA Open Blitz Championship"]
[Site "Chess.com"]
[Date "2020.05.25"]
[Round "?"]
[White "Lugovskoy, Maxim"]
[Black "Sohal, Tanraj"]
[Result "1-0"]
[WhiteElo "2453"]
[BlackElo "2326"]
[PlyCount "153"]
[EventDate "2020.??.??"]
[EventType "blitz"]

1. d4 Nf6 2. Nc3 d5 3. Bf4 e6 4. Nb5 Na6 5. e3 Be7 6. Nf3 O-O 7. Be2 c6 8. Nc3
Nb8 9. O-O b6 10. Ne5 Bb7 11. Bf3 c5 12. Qe2 Nc6 13. Rad1 Qc8 14. Bg5 Re8 15.
Nxc6 Bxc6 16. Rfe1 Qb7 17. h3 h6 18. Bh4 Rad8 19. Nb1 cxd4 20. exd4 b5 21. Nd2
b4 22. Nf1 Bb5 23. Qe3 Bxf1 24. Rxf1 Qa6 25. Ra1 Qc6 26. Rfc1 Rc8 27. Be2 Qb6
28. Bd3 Nd7 29. Bxe7 Rxe7 30. a3 a5 31. axb4 axb4 32. Ra6 Qb8 33. Rca1 Nf6 34.
g3 Qc7 35. Ra8 Rxa8 36. Rxa8+ Re8 37. Ra4 Qb7 38. Qe5 Qb6 39. Ra6 Qb8 40. Qxb8
Rxb8 41. f4 Kf8 42. Kf2 Rb7 43. g4 Ke7 44. g5 hxg5 45. fxg5 Ne8 46. h4 g6 47.
Ra8 Nd6 48. Ke2 Kd7 49. Kd1 Kc7 50. Ba6 Rb8 51. Ra7+ Kb6 52. Rd7 Kxa6 53. Rxd6+
Rb6 54. Rd8 Kb5 55. Rd7 Kc4 56. Rxf7 Kxd4 57. Rf6 Ra6 58. Kd2 Ra1 59. Rxe6 Rh1
60. Rxg6 Rh2+ 61. Kc1 Rh1+ 62. Kd2 Rh2+ 63. Kd1 Rh1+ 64. Ke2 Rxh4 65. Kf3 Rh2
66. Rc6 Rh1 67. g6 Rg1 68. Kf4 Rf1+ 69. Kg5 Ke3 70. c3 bxc3 71. bxc3 Rg1+ 72.
Kf6 Rf1+ 73. Ke7 Rg1 74. Kf7 Kd3 75. g7 Rf1+ 76. Rf6 Rg1 77. Rg6 1-0

[Event "WA Open Blitz Championship"]
[Site "Chess.com"]
[Date "2020.05.25"]
[Round "?"]
[White "Breckenridge, Steven"]
[Black "Sohal, Tanraj"]
[Result "0-1"]
[WhiteElo "2306"]
[BlackElo "2326"]
[PlyCount "188"]
[EventDate "2020.??.??"]
[EventType "blitz"]

1. e4 c5 2. c3 d5 3. exd5 Qxd5 4. d4 Nf6 5. Nf3 e6 6. Na3 Nc6 7. Nb5 Qd8 8.
dxc5 Bxc5 9. Qxd8+ Kxd8 10. b4 Bb6 11. Nd6 Ke7 12. Nc4 Bc7 13. b5 Na5 14. Ba3+
Ke8 15. Nd6+ Bxd6 16. Bxd6 b6 17. Be2 Nb7 18. Ba3 Nc5 19. O-O Nfd7 20. Nd4 Bb7
21. Rfe1 Kd8 22. Rad1 Kc7 23. Bc1 Rad8 24. Bg5 f6 25. Bh4 g6 26. Bc4 e5 27.
Ne6+ Nxe6 28. Bxe6 Rhf8 29. Bg3 g5 30. Bf5 h6 31. Rd2 Rfe8 32. h4 Nc5 33. Rde2
Bc8 34. Bg6 Re7 35. hxg5 hxg5 36. f4 gxf4 37. Bxf4 Bg4 38. Re3 Red7 39. Bg3 Rd1
40. Bc2 Rxe1+ 41. Bxe1 Rg8 42. Bh4 Nd7 43. Rg3 Be6 44. a4 Rxg3 45. Bxg3 Kd6 46.
Kf2 Kc5 47. Ke3 Kc4 48. Kd2 Nc5 49. Bh4 f5 50. Bg3 f4 51. Bh2 Nb3+ 52. Bxb3+
Kxb3 53. g3 f3 54. g4 Bxg4 55. Ke3 Kxa4 56. c4 Kb4 57. Bxe5 Kxc4 58. Bb8 Kxb5
59. Bxa7 Ka5 60. Bb8 b5 61. Bg3 Kb4 62. Kf4 Bh5 63. Kg5 Be8 64. Kf5 Kc3 65. Ke4
Bc6+ 66. Ke3 b4 67. Be1+ Kb3 68. Kd2 Ka2 69. Bf2 b3 70. Bd4 b2 71. Bxb2 Kxb2
72. Ke3 Kc3 73. Kf2 Kd4 74. Kf1 Ke4 75. Kf2 Be8 76. Kg1 Kf4 77. Kf2 Kg4 78. Kg1
Kg3 79. Kh1 Kf2 80. Kh2 Ke2 81. Kg3 f2 82. Kf4 f1=Q+ 83. Ke5 Ba4 84. Kd6 Bd1
85. Kc5 Qf4 86. Kd5 Kd3 87. Kc6 Qe5 88. Kd7 Qf6 89. Kc7 Qe6 90. Kb7 Qd6 91. Ka7
Qc6 92. Kb8 Qd7 93. Ka8 Bf3+ 94. Kb8 Qb7# 0-1

[Event "WA Open Blitz Championship"]
[Site "Chess.com"]
[Date "2020.05.25"]
[Round "?"]
[White "Lenderman, Aleksandr"]
[Black "Breckenridge, Steven"]
[Result "1-0"]
[WhiteElo "2717"]
[BlackElo "2306"]
[PlyCount "79"]
[EventDate "2020.??.??"]
[EventType "blitz"]

1. Nf3 Nf6 2. c4 g6 3. Nc3 Bg7 4. e4 O-O 5. d4 d6 6. Be2 e5 7. O-O Nc6 8. Be3
exd4 9. Nxd4 Re8 10. f3 Bd7 11. Qd2 Nxd4 12. Bxd4 Bc6 13. Rfd1 Nd7 14. b4 b6
15. Nd5 a5 16. a3 Bxd4+ 17. Qxd4 Bxd5 18. cxd5 f5 19. Bd3 fxe4 20. Bxe4 Qf6 21.
Rac1 axb4 22. axb4 Ra7 23. Qxf6 Nxf6 24. Bd3 Kg7 25. Bc4 Re3 26. Kf2 Rea3 27.
Re1 Kf7 28. Re2 b5 29. Bxb5 Nxd5 30. Bc4 c6 31. b5 Kg7 32. bxc6 Nf4 33. Rd2 d5
34. Bf1 Rc7 35. g3 Ne6 36. Rxd5 Ra2+ 37. Kg1 Kf6 38. Rd6 Re7 39. c7 Rxc7 40.
Rxc7 1-0

[Event "WA Open Blitz Championship"]
[Site "Chess.com"]
[Date "2020.05.25"]
[Round "?"]
[White "Raptis, Nick"]
[Black "Breckenridge, Steven"]
[Result "0-1"]
[WhiteElo "2393"]
[BlackElo "2306"]
[PlyCount "132"]
[EventDate "2020.??.??"]
[EventType "blitz"]

1. d4 Nf6 2. Nc3 e6 3. e4 d6 4. Nf3 g6 5. Bd3 Bg7 6. O-O O-O 7. h3 Nbd7 8. Bg5
h6 9. Bf4 e5 10. dxe5 Nh5 11. Bh2 Nxe5 12. Be2 Nxf3+ 13. Bxf3 Nf6 14. e5 dxe5
15. Bxe5 c6 16. Ne4 Nxe4 17. Bxg7 Kxg7 18. Bxe4 Qb6 19. b3 Rd8 20. Qf3 Be6 21.
Rad1 Qc5 22. Rxd8 Rxd8 23. Rd1 Re8 24. Qd3 a5 25. c4 Re7 26. Qc3+ f6 27. Qg3
Bf7 28. Qd3 a4 29. g3 a3 30. Kg2 b5 31. cxb5 cxb5 32. Bf3 b4 33. Qd8 Re8 34.
Qd7 Re7 35. Qd8 Qc7 36. Qd4 Qa5 37. Qd6 Ra7 38. Bd5 Qb5 39. Bxf7 Rxf7 40. Qe6
Qb7+ 41. Kg1 Re7 42. Qd6 h5 43. h4 Re2 44. Qd7+ Qxd7 45. Rxd7+ Kh6 46. Rd4 Rxa2
47. Rxb4 Rb2 48. Kg2 g5 49. hxg5+ fxg5 50. Kf3 a2 51. Rb6+ Kg7 52. Ra6 Rxb3+
53. Ke4 Rb2 54. Kf5 Rxf2+ 55. Kxg5 Rh2 56. Ra7+ Kf8 57. Kf6 Ke8 58. Ke6 Kd8 59.
Kd6 Kc8 60. Kc6 Kb8 61. Ra5 Rc2+ 62. Kd5 Kb7 63. Ke4 Kb6 64. Ra8 Kb5 65. Kf4
Rc4+ 66. Kg5 Ra4 0-1

[Event "WA Open Blitz Championship"]
[Site "Chess.com"]
[Date "2020.05.25"]
[Round "?"]
[White "Raptis, Nick"]
[Black "Vidyarthi, Vyom"]
[Result "1/2-1/2"]
[WhiteElo "2393"]
[BlackElo "2247"]
[PlyCount "115"]
[EventDate "2020.??.??"]
[EventType "blitz"]

1. d4 d5 2. Nc3 Nf6 3. Bg5 Nbd7 4. Nf3 h6 5. Bh4 c6 6. e3 e6 7. Bd3 Bd6 8. O-O
O-O 9. e4 dxe4 10. Nxe4 Be7 11. Nxf6+ Bxf6 12. Bxf6 Qxf6 13. Qe2 c5 14. Qe4 g6
15. Qe3 Kg7 16. c3 cxd4 17. Nxd4 b6 18. Be4 Ba6 19. Bxa8 Bxf1 20. Bc6 e5 21.
Bxd7 exd4 22. cxd4 Bc4 23. b3 Bd5 24. Bb5 Rd8 25. Rd1 Bb7 26. Bc4 Qf5 27. f3
Rd7 28. Rd2 h5 29. Kf2 Qf6 30. d5 Qh4+ 31. Kg1 Re7 32. Qd4+ Qxd4+ 33. Rxd4 Kf6
34. d6 Rd7 35. Bb5 Rd8 36. Rd2 a6 37. Bc4 b5 38. Be2 Ke6 39. Kf2 Bd5 40. a4
Bxb3 41. axb5 axb5 42. Bxb5 Rxd6 43. Rxd6+ Kxd6 44. Ke3 Ke5 45. f4+ Kf6 46. g3
g5 47. Bd3 h4 48. gxh4 gxh4 49. Kf3 Be6 50. Be4 Bd7 51. Bd5 Bf5 52. Bc4 Bd7 53.
Bd3 Be6 54. Ke3 Bd7 55. Be4 Be6 56. Bd3 Bd7 57. Be4 Be6 58. Bd3 1/2-1/2

[Event "WA Open Blitz Championship"]
[Site "Chess.com"]
[Date "2020.05.25"]
[Round "?"]
[White "Vidyarthi, Vyom"]
[Black "Lugovskoy, Maxim"]
[Result "1-0"]
[WhiteElo "2247"]
[BlackElo "2453"]
[PlyCount "119"]
[EventDate "2020.??.??"]
[EventType "blitz"]

1. Nc3 d5 2. d4 e6 3. Bf4 Bd6 4. e3 Ne7 5. Nf3 Ng6 6. Bg3 a6 7. Bd3 b5 8. e4
Bb7 9. e5 Be7 10. Qd2 c5 11. dxc5 Nd7 12. b4 a5 13. Nxb5 axb4 14. Nd6+ Bxd6 15.
cxd6 O-O 16. O-O d4 17. Bxg6 hxg6 18. Nxd4 Qa5 19. Rfb1 Qd5 20. Nf3 Rfc8 21.
Qxb4 Rxc2 22. Qxb7 Rc1+ 23. Rxc1 Qxb7 24. h3 f6 25. Rc7 Qb5 26. Re1 Re8 27. Nd4
Qb4 28. Nc2 Qa4 29. exf6 Nxf6 30. Rb1 e5 31. Rbb7 Kh8 32. Ne3 Qd4 33. d7 Rg8
34. Ng4 Nxg4 35. hxg4 Qxg4 36. a4 Rd8 37. a5 Kh7 38. a6 Qd1+ 39. Kh2 Qh5+ 40.
Kg1 e4 41. a7 e3 42. fxe3 Qd1+ 43. Kh2 Qh5+ 44. Kg1 Qg4 45. Bf4 g5 46. Rc8 Rxc8
47. dxc8=Q Qxc8 48. Rb8 Qc1+ 49. Kh2 Qd1 50. a8=Q Qh5+ 51. Kg1 Qd1+ 52. Kf2
Qd2+ 53. Kf3 Qd1+ 54. Ke4 Qc2+ 55. Ke5 Qc5+ 56. Qd5 Qe7+ 57. Kd4 Qa7+ 58. Ke4
Qa4+ 59. Kf3 Qd1+ 60. Qxd1 1-0

[Event "WA Open Blitz Championship"]
[Site "Chess.com"]
[Date "2020.05.25"]
[Round "?"]
[White "Breckenridge, Steven"]
[Black "Vidyarthi, Vyom"]
[Result "1-0"]
[WhiteElo "2306"]
[BlackElo "2247"]
[PlyCount "31"]
[EventDate "2020.??.??"]
[EventType "blitz"]

1. e4 e5 2. Nf3 Nc6 3. Bc4 Bc5 4. b4 Bxb4 5. c3 Bd6 6. d4 Nf6 7. O-O O-O 8.
Nbd2 b6 9. Bd5 Re8 10. Nc4 Bf8 11. Bxf7+ Kxf7 12. dxe5 Nxe5 13. Ncxe5+ Kg8 14.
Qb3+ d5 15. Bg5 Kh8 16. Nf7+ 1-0

[Event "WA Open Blitz Championship"]
[Site "Chess.com"]
[Date "2020.05.25"]
[Round "?"]
[White "Vidyarthi, Vyom"]
[Black "Lenderman, Aleksandr"]
[Result "0-1"]
[WhiteElo "2247"]
[BlackElo "2717"]
[PlyCount "130"]
[EventDate "2020.??.??"]
[EventType "blitz"]

1. Nc3 e6 2. d4 d5 3. Bf4 Bd6 4. e3 Nf6 5. Nf3 O-O 6. Bd3 Nc6 7. O-O Nb4 8. Be2
Qe7 9. a3 Nc6 10. Re1 h6 11. Bd3 e5 12. dxe5 Nxe5 13. Nxe5 Bxe5 14. Bxe5 Qxe5
15. Be2 c5 16. Bf3 Rd8 17. e4 d4 18. Nd5 Be6 19. Nxf6+ Qxf6 20. e5 Qe7 21. Qd2
Bd5 22. Qf4 Rac8 23. Rad1 Bxf3 24. Qxf3 Rd7 25. c3 Rcd8 26. cxd4 Rxd4 27. Rxd4
Rxd4 28. g3 b6 29. Qf5 Qe6 30. Qf3 a5 31. Qe3 a4 32. f4 h5 33. Qf3 g6 34. Rd1
Qc4 35. Rxd4 cxd4 36. Qd1 d3 37. Kf1 d2+ 38. Kf2 Qd3 39. h3 b5 40. g4 h4 41. f5
gxf5 42. gxf5 Qxf5+ 43. Ke2 Qxe5+ 44. Kd3 Qd5+ 45. Ke3 Qe6+ 46. Kd4 Qxh3 47.
Kc5 Qf5+ 48. Kb4 Qe4+ 49. Kxb5 Qd5+ 50. Kxa4 Qc4+ 51. b4 Qd4 52. Ka5 h3 53. b5
h2 54. b6 h1=Q 55. Qxh1 d1=Q 56. Qg2+ Kf8 57. Qa8+ Qd8 58. Qxd8+ Qxd8 59. Ka6
Qb8 60. b7 f5 61. Kb6 Qd6+ 62. Ka7 Qxa3+ 63. Kb8 Qb4 64. Kc8 Qxb7+ 65. Kxb7 f4
0-1

[Event "WA Open Blitz Championship"]
[Site "Chess.com"]
[Date "2020.05.25"]
[Round "?"]
[White "Sohal, Tanraj"]
[Black "Vidyarthi, Vyom"]
[Result "1/2-1/2"]
[WhiteElo "2326"]
[BlackElo "2247"]
[PlyCount "60"]
[EventDate "2020.??.??"]
[EventType "blitz"]

1. d4 d5 2. c4 dxc4 3. Nf3 Nf6 4. e3 c5 5. Bxc4 cxd4 6. exd4 e6 7. O-O Be7 8.
Nc3 O-O 9. Bf4 a6 10. Qd2 b5 11. Bb3 Bb7 12. Ne5 Nc6 13. Rad1 Qb6 14. Be3 Qc7
15. Nxc6 Qxc6 16. d5 exd5 17. Nxd5 Nxd5 18. Bxd5 Qxd5 19. Qxd5 Bxd5 20. Rxd5
Rfd8 21. Rxd8+ Rxd8 22. Rc1 h6 23. Kf1 Bf6 24. b3 Bd4 25. Bxd4 Rxd4 26. Rc6 a5
27. Rc8+ Kh7 28. Rc5 Rb4 29. Rc3 a4 30. Ke2 axb3 1/2-1/2

[Event "WA Open Blitz Championship"]
[Site "Chess.com"]
[Date "2020.05.25"]
[Round "?"]
[White "Sairam, Pranav"]
[Black "Lenderman, Aleksandr"]
[Result "0-1"]
[WhiteElo "2087"]
[BlackElo "2717"]
[PlyCount "124"]
[EventDate "2020.??.??"]
[EventType "blitz"]

1. e4 e6 2. Qe2 e5 3. Nf3 Nc6 4. g3 Nf6 5. Bg2 Bc5 6. O-O O-O 7. c3 Re8 8. Rd1
d5 9. exd5 Qxd5 10. d3 e4 11. dxe4 Qxe4 12. Qxe4 Nxe4 13. Nd4 Nxd4 14. cxd4 Bb6
15. Nc3 Bf5 16. Be3 c6 17. Nxe4 Bxe4 18. Bxe4 Rxe4 19. Rd2 Rd8 20. Rad1 Rd5 21.
Kf1 f5 22. Ke2 Kf7 23. f3 Re6 24. Kf2 Red6 25. f4 Re6 26. Kf3 Re4 27. Rd3 Ke6
28. g4 g6 29. h4 Kf7 30. gxf5 gxf5 31. h5 Bd8 32. b4 Bf6 33. h6 Be7 34. Rg1 Bf8
35. Rg5 Re6 36. Rd2 Rxh6 37. Rdg2 Rg6 38. Rxg6 hxg6 39. Rh2 Bg7 40. a3 a6 41.
Ke2 Bxd4 42. Bxd4 Rxd4 43. Rh7+ Ke6 44. Rxb7 Rxf4 45. Rb6 Kd5 46. Rxa6 g5 47.
a4 Rxb4 48. a5 Ra4 49. Ra8 Ke4 50. a6 Kf4 51. a7 g4 52. Rc8 Rxa7 53. Rxc6 Ra2+
54. Kf1 g3 55. Rc3 Kg4 56. Rc4+ f4 57. Rc8 Ra1+ 58. Ke2 f3+ 59. Ke3 Re1+ 60.
Kd2 f2 61. Rg8+ Kf3 62. Rf8+ Kg2 0-1

[Event "WA Open Blitz Championship"]
[Site "Chess.com"]
[Date "2020.05.25"]
[Round "?"]
[White "Raptis, Nick"]
[Black "Sairam, Pranav"]
[Result "1-0"]
[WhiteElo "2393"]
[BlackElo "2087"]
[PlyCount "51"]
[EventDate "2020.??.??"]
[EventType "blitz"]

1. d4 d5 2. Nc3 Nf6 3. Bg5 e6 4. e4 dxe4 5. Nxe4 Be7 6. Bxf6 Bxf6 7. Nf3 O-O 8.
Bd3 b6 9. Qe2 Bb7 10. O-O-O Nd7 11. h4 a5 12. g4 a4 13. g5 Be7 14. h5 Qc8 15.
g6 c5 16. h6 fxg6 17. hxg7 Rf4 18. Qe3 Qc7 19. dxc5 Nxc5 20. Nxc5 Bxc5 21.
Qxe6+ Kxg7 22. Rxh7+ Kxh7 23. Qxg6+ Kh8 24. Rh1+ Rh4 25. Rxh4+ Qh7 26. Rxh7#
1-0

[Event "WA Open Blitz Championship"]
[Site "Chess.com"]
[Date "2020.05.25"]
[Round "?"]
[White "Sairam, Pranav"]
[Black "Sohal, Tanraj"]
[Result "0-1"]
[WhiteElo "2087"]
[BlackElo "2326"]
[PlyCount "124"]
[EventDate "2020.??.??"]
[EventType "blitz"]

1. e4 c5 2. Nf3 e6 3. d3 Nc6 4. g3 d5 5. Qe2 Nf6 6. Bg2 Be7 7. O-O O-O 8. e5
Nd7 9. c4 d4 10. h4 a6 11. Re1 Rb8 12. Bf4 b5 13. Nbd2 Nb4 14. Rec1 Bb7 15. a3
Nc6 16. g4 Na5 17. Rab1 bxc4 18. Nxc4 Nxc4 19. dxc4 Bc6 20. b4 cxb4 21. axb4
Bxf3 22. Bxf3 Bxb4 23. Bg5 Qc7 24. Rxb4 Rxb4 25. Be7 Rbb8 26. Bd6 Qa5 27. Bxf8
Kxf8 28. Qd3 Nxe5 29. Qxh7 Nxf3+ 30. Kg2 Rb3 31. Rb1 Rxb1 32. Qxb1 Nxh4+ 33.
Kh3 Ng6 34. Qb8+ Ke7 35. Qb7+ Kf6 36. Qf3+ Ke7 37. Qb7+ Kd6 38. Qb8+ Qc7 39.
Qb4+ Kd7 40. Qa4+ Qc6 41. Qd1 Nf4+ 42. Kg3 e5 43. f3 Qxc4 44. Qb1 Qc6 45. Qf5+
Qe6 46. Qe4 Ke7 47. Qb7+ Kf6 48. Qc7 g6 49. Qd8+ Kg7 50. Qh4 d3 51. g5 Qh3+ 52.
Qxh3 Nxh3 53. Kxh3 d2 54. Kg4 d1=Q 55. Kh4 a5 56. Kg4 a4 57. Kh4 a3 58. Kg4 a2
59. Kh4 a1=Q 60. Kg4 Qg1+ 61. Kh4 Qh2+ 62. Kg4 Qag1# 0-1

[Event "WA Open Blitz Championship"]
[Site "Chess.com"]
[Date "2020.05.25"]
[Round "?"]
[White "Sairam, Pranav"]
[Black "Breckenridge, Steven"]
[Result "0-1"]
[WhiteElo "2087"]
[BlackElo "2306"]
[PlyCount "30"]
[EventDate "2020.??.??"]
[EventType "blitz"]

1. e4 e5 2. Nf3 Nc6 3. Bb5 a6 4. Bxc6 dxc6 5. O-O Bg4 6. h3 h5 7. d3 Qf6 8.
Nbd2 Ne7 9. Re1 Ng6 10. hxg4 hxg4 11. Nh2 Bc5 12. Nxg4 Qh4 13. Kf1 Qh1+ 14. Ke2
Nf4+ 15. Kf3 Qxg2# 0-1

[Event "WA Open Blitz Championship"]
[Site "Chess.com"]
[Date "2020.05.25"]
[Round "?"]
[White "Vijayakumar, Advaith"]
[Black "Raptis, Nick"]
[Result "0-1"]
[WhiteElo "2026"]
[BlackElo "2393"]
[PlyCount "54"]
[EventDate "2020.??.??"]
[EventType "blitz"]

1. d4 Nf6 2. c4 g6 3. g3 Bg7 4. Bg2 O-O 5. Nf3 d6 6. O-O Nc6 7. Nc3 Bf5 8. b3
Ne4 9. Nxe4 Bxe4 10. Bb2 d5 11. c5 e6 12. e3 a5 13. a3 f5 14. Qd2 Qe7 15. b4
axb4 16. axb4 Na7 17. Qe2 c6 18. Nd2 Bxg2 19. Kxg2 Nb5 20. Nb3 e5 21. Qd3 e4
22. Qd2 g5 23. Rh1 f4 24. Kf1 fxe3 25. Qxe3 Rxa1+ 26. Nxa1 Rf3 27. Qd2 e3 0-1

[Event "WA Open Blitz Championship"]
[Site "Chess.com"]
[Date "2020.05.25"]
[Round "?"]
[White "Sairam, Pranav"]
[Black "Vijayakumar, Advaith"]
[Result "1/2-1/2"]
[WhiteElo "2087"]
[BlackElo "2026"]
[PlyCount "102"]
[EventDate "2020.??.??"]
[EventType "blitz"]

1. e4 c5 2. Nf3 Nc6 3. Bb5 g6 4. Bxc6 dxc6 5. O-O Bg7 6. d3 Nf6 7. h3 Nd7 8.
Nc3 e5 9. Be3 b6 10. Qd2 O-O 11. Bh6 Re8 12. Bxg7 Kxg7 13. Nh2 Nf8 14. Ng4 Bxg4
15. hxg4 Ne6 16. Ne2 Qg5 17. Qxg5 Nxg5 18. g3 Nf3+ 19. Kg2 Nd4 20. Nxd4 cxd4
21. f4 f6 22. Rf2 Rf8 23. Raf1 h6 24. Kh3 g5 25. fxg5 hxg5 26. Kg2 c5 27. b3 b5
28. Rb1 Rac8 29. Rff1 Rb8 30. Rh1 a5 31. Rh5 Rh8 32. Rbh1 Rbc8 33. Rxh8 Rxh8
34. Rxh8 Kxh8 35. Kf3 Kg7 36. Ke2 Kf7 37. Kd2 Ke6 38. Kc1 Kd6 39. Kb2 c4 40.
bxc4 bxc4 41. a3 Kc5 42. Ka2 Kb5 43. Kb2 Kc5 44. Ka2 Kb5 45. Kb2 cxd3 46. cxd3
Ka4 47. Ka2 Kb5 48. Kb3 a4+ 49. Kb2 Kc5 50. Kc2 Kc6 51. Kb2 Kb5 1/2-1/2

[Event "WA Open Blitz Championship"]
[Site "Chess.com"]
[Date "2020.05.25"]
[Round "?"]
[White "Vijayakumar, Advaith"]
[Black "Vidyarthi, Vyom"]
[Result "0-1"]
[WhiteElo "2026"]
[BlackElo "2247"]
[PlyCount "106"]
[EventDate "2020.??.??"]
[EventType "blitz"]

1. d4 d5 2. c4 dxc4 3. e3 c5 4. Bxc4 cxd4 5. Nf3 Nf6 6. O-O e6 7. exd4 Be7 8.
Nc3 O-O 9. Bg5 a6 10. Re1 b5 11. Bb3 Bb7 12. a4 b4 13. Ne2 Bxf3 14. gxf3 Nd5
15. Bxe7 Qxe7 16. Ng3 Rd8 17. Qd2 Nc6 18. Re4 Nf6 19. Rh4 Ne5 20. Qe3 Ng6 21.
Rh3 Qd6 22. Rd1 Nd5 23. Bxd5 Qxd5 24. Rh5 Qd6 25. Ne4 Qf4 26. Qxf4 Nxf4 27. Rc5
Ne2+ 28. Kf1 Nxd4 29. Rc4 Nxf3 30. Rxd8+ Rxd8 31. Rxb4 g6 32. Kg2 Nd2 33. Nxd2
Rxd2 34. Rb6 a5 35. Rb5 Kg7 36. Rxa5 Rxb2 37. Ra8 Ra2 38. a5 h5 39. a6 Kf6 40.
Kf3 Kf5 41. a7 f6 42. Ke3 e5 43. f3 Ra3+ 44. Ke2 g5 45. Kf2 g4 46. fxg4+ hxg4
47. Ke2 Ke4 48. Kf2 f5 49. Kg2 f4 50. Kf2 Ra2+ 51. Ke1 Ke3 52. Kd1 e4 53. Kc1
f3 0-1

[Event "WA Open Blitz Championship"]
[Site "Chess.com"]
[Date "2020.05.25"]
[Round "?"]
[White "Razmov, Valentin"]
[Black "Lenderman, Aleksandr"]
[Result "0-1"]
[WhiteElo "1986"]
[BlackElo "2717"]
[PlyCount "76"]
[EventDate "2020.??.??"]
[EventType "blitz"]

1. d4 e6 2. c4 b6 3. e4 Bb4+ 4. Bd2 Bxd2+ 5. Qxd2 d5 6. Nc3 dxe4 7. Nxe4 Bb7 8.
Nc3 Nf6 9. f3 O-O 10. Nge2 Qe7 11. Kf2 Nc6 12. Rd1 Rad8 13. Qe3 Rfe8 14. a3 Na5
15. Ng3 Nb3 16. Nce4 Nxe4+ 17. Nxe4 Bxe4 18. Qxb3 Bb7 19. Be2 c5 20. Qe3 Qh4+
21. g3 cxd4 22. gxh4 dxe3+ 23. Kxe3 Kf8 24. Bd3 f5 25. Rd2 Ke7 26. Rg1 Kf6 27.
Rgd1 e5 28. Be2 Rd4 29. Rxd4 exd4+ 30. Kf2 Rd8 31. Bd3 Bc6 32. b3 Re8 33. h3
Re3 34. Rd2 Rxf3+ 35. Ke2 Rxh3 36. Kd1 Ke5 37. Kc2 Be4 38. Bxe4 fxe4 0-1

[Event "WA Open Blitz Championship"]
[Site "Chess.com"]
[Date "2020.05.25"]
[Round "?"]
[White "Razmov, Valentin"]
[Black "Raptis, Nick"]
[Result "0-1"]
[WhiteElo "1986"]
[BlackElo "2393"]
[PlyCount "74"]
[EventDate "2020.??.??"]
[EventType "blitz"]

1. d4 Nf6 2. c4 g6 3. Nc3 Bg7 4. e4 d6 5. Nf3 O-O 6. Be2 e5 7. O-O Nc6 8. d5
Ne7 9. b4 c6 10. Re1 a5 11. bxa5 Qxa5 12. Qb3 h6 13. Bd2 Qd8 14. a4 c5 15. Nb5
Ra6 16. Bc3 Nd7 17. Nd2 f5 18. f3 f4 19. Bf1 g5 20. a5 h5 21. Qd1 Ng6 22. Be2
Nf6 23. h3 Rf7 24. Nf1 Bf8 25. Nh2 Rg7 26. Kf2 Nh4 27. Rg1 Be7 28. Ke1 g4 29.
hxg4 hxg4 30. Nxg4 Bxg4 31. fxg4 Nxe4 32. Bf3 Nxc3 33. Nxc3 Rxa5 34. Rxa5 Qxa5
35. Qc2 Bf6 36. Kf2 e4 37. Nxe4 Bd4+ 0-1

[Event "WA Open Blitz Championship"]
[Site "Chess.com"]
[Date "2020.05.25"]
[Round "?"]
[White "Vega, Isaac"]
[Black "Vidyarthi, Vyom"]
[Result "0-1"]
[WhiteElo "1972"]
[BlackElo "2247"]
[PlyCount "68"]
[EventDate "2020.??.??"]
[EventType "blitz"]

1. e4 e5 2. Nf3 Nc6 3. Bb5 a6 4. Ba4 Nf6 5. O-O Be7 6. Re1 d6 7. c3 Bg4 8. h3
Bh5 9. d3 Nd7 10. g4 Bg6 11. Nh2 h5 12. f3 Bg5 13. Bxg5 Qxg5 14. Qd2 Qh4 15.
Qf2 Qxh3 16. g5 f6 17. f4 fxg5 18. fxg5 Rf8 19. Qg2 Qxd3 20. Bc2 Qb5 21. Na3
Qxb2 22. Nc4 Qxc3 23. Ne3 Nd4 24. Rac1 Nxc2 25. Qxc2 Qxc2 26. Rxc2 c6 27. Nc4
Ke7 28. Rd2 Rad8 29. Rxd6 Bf7 30. g6 Bxc4 31. Rxd7+ Rxd7 32. Rc1 Bxa2 33. Rxc6
bxc6 34. Ng4 hxg4 0-1